00379nam a2200121Ia 4500008004100000041000800041082000800049100007600057245006100133260004900194300000800243440000600251221007s9999 xx 000 0 und d aeng bDEE aDeepika Ghosh - 2k151080; Dr. Jyoti Gaikwad - Guide & Allied Analytics aMarket Research On Consumer Good At Allied Analytics Llp c2015bSavitribai Phule Pune UniversityaPune a64p v1